|
|
|
|
| LEADER |
00938nam a2200217 a 4500 |
| 008 |
091024s2003 ii a b f001 0 eng d |
| 020 |
|
|
|a 8175342435
|
| 040 |
|
|
|a DLC
|c DLC
|d DLC
|d BD-DhAAL
|
| 082 |
0 |
0 |
|a 342.54/03
|2 22
|
| 100 |
1 |
|
|a Pylee, M. V.
|
| 245 |
0 |
0 |
|a Constitutional amendments in India /
|c M. V. Pylee.
|
| 260 |
|
|
|a New Delhi :
|b Universal Law Publishing Co. Pvt. Ltd.,
|c 2003.
|
| 300 |
|
|
|a xlii, 909,
|b ill. ;
|c 25 cm.
|
| 504 |
|
|
|a Includes bibliographical references and index.
|
| 520 |
|
|
|a Study; includes synopses of the Constitution Amendment Acts and full texts.
|
| 541 |
1 |
|
|e 00015195
|
| 650 |
|
0 |
|a Constitutional amendments
|z India.
|
| 710 |
1 |
|
|a India.
|b Parliament.
|b Lok Sabha.
|b Secretariat.
|
| 852 |
4 |
|
|a Ayesha Abed Library
|j General shelf
|
| 999 |
|
|
|c 7989
|d 7989
|
| 952 |
|
|
|0 0
|1 0
|2 ddc
|4 0
|6 342_540300000000000_PYL_2003
|7 0
|9 9035
|a BRACUL
|b BRACUL
|c GEN
|d 2010-04-07
|l 3
|m 2
|o 342.5403 PYL
|p 3010015195
|r 2013-12-20
|s 2013-12-14
|t 1
|w 2010-04-07
|y BK
|